000
00216 a2200097 4500
001
13436
100
_a
Faragi, Z.H
245
_a
the deoband school
260
_a
India
_b
Asia publishing house
_c
090
_c
10449
_d
10449
942
_a
NUST-CAE
_c
M
_c
502
999
_c
248509
_d
248509